00717nam a2200265Ia 4500001001400000003000900014005001700023008004100040020001500081040002300096050001500119100003300134245004100167260004500208300001600253490003000269650002900299650003600328650002300364887001600387888000900403942001500412945000700427999001700434AUWbook001675BDCtgAUW20260406155055.0220908s9999 xx 000 0 eng d a0276422600 aBDCtgAUWcBDCtgAUW aAG243.G7371 aReader's Digest Association. 0aGreat mysteries of the 20th century. aPleasantville :bReader's Digest,c1996. a160 pages.1 aThe eventful 20th century 0aCuriosities and wonders. 0aEncyclopedias and dictionaries. 0aTwentieth century. a BRAC22982 22982 cBK002lcc cBK c17462d17462